Influence of surface heating on the boundary layer stability of flows with favorable pressure gradients /

Bibliographic Details
Main Author: Landrum, D. B. (David Brian), 1962-
Format: Thesis eBook
Language:English
Published: [Place of publication not identified] : [publisher not identified] ; 1986.
Subjects:
Online Access:Link to OAKTrust copy

MARC

Tag First Indicator Second Indicator Subfields
LEADER 00000cam a2200000 a 4500
001 in00000017777
005 20220103114949.0
007 cr unu a
008 880628s1986 xx a b 00010 eng d
035 |9 AAB1894AM 
035 |a (OCoLC)18146550 
040 |a TXA  |c TXA  |d UtOrBLW 
049 |a TXAZ [Also in] [Archives]  |c 1 [A09992667], 2 [A09992675] 
099 |a 1986  |a Thesis  |a L262 
100 1 |a Landrum, D. B.  |q (David Brian),  |d 1962- 
245 1 0 |a Influence of surface heating on the boundary layer stability of flows with favorable pressure gradients /  |c by David Brian Landrum. 
264 1 |a [Place of publication not identified] :  |b [publisher not identified] ;  |c 1986. 
300 |a xii, 84 leaves :  |b illustrations ;  |c 29 cm. 
336 |a text  |b txt  |2 rdacontent 
337 |a computer  |b c  |2 rdamedia 
338 |a online resource  |b cr  |2 rdacarrier 
500 |a "Major subject: Aerospace Engineering." 
500 |a Typescript (photocopy). 
500 |a Vita. 
502 |b M.S.  |c Texas A&M University  |d 1986. 
504 |a Bibliography: leaves 82-83. 
530 |a Also available online. 
650 0 |a Boundary layer control. 
650 0 |a Boundary layer. 
650 4 |a Major aerospace engineering. 
856 4 1 |u https://hdl.handle.net/1969.1/ETD-TAMU-1986-THESIS-L262  |z Link to OAKTrust copy  |t 0 
999 |a MARS 
999 f f |s c363365d-1a99-3a96-a339-498983e58ebc  |i 68583249-6b16-3d99-8ced-110da85c325b  |t 0 
952 f f |p noncirc  |a Texas A&M University  |b J.J. Pickle Campus  |c High Density Repository  |s HDR  |d Remote Storage  |t 0  |e 1986 Thesis L262  |h Other scheme  |i computer -- online resource  |m A14839620436 
952 f f |a Texas A&M University  |b College Station  |c Electronic Resources  |s www_evans  |d Available Online  |t 0  |e 1986 Thesis L262  |h Other scheme 
998 f f |a 1986 Thesis L262  |t 0  |l Available Online 
998 f f |a 1986 Thesis L262  |t 0  |l Remote Storage